UBT Library

Statistics and research in physical education (Record no. 40888)

000 -LEADER
fixed length control field 00581cam a2200217 4500
001 - CONTROL NUMBER
control field 392036
005 - DATE AND TIME OF LATEST TRANSACTION
control field 20180125033250.0
008 - FIXED-LENGTH DATA ELEMENTS--GENERAL INFORMATION
fixed length control field 701026s1970 moua bs 001 0 eng
010 ## - LIBRARY OF CONGRESS CONTROL NUMBER
LC control number 79016628
020 ## - INTERNATIONAL STANDARD BOOK NUMBER
International Standard Book Number 0801653665
040 ## - CATALOGING SOURCE
Original cataloging agency DLC
Transcribing agency DLC
Modifying agency DLC
041 ## - LANGUAGE CODE
Language code of text/sound track or separate title eng
080 ## - UNIVERSAL DECIMAL CLASSIFICATION NUMBER
Universal Decimal Classification number 613.7 WEB
082 00 - DEWEY DECIMAL CLASSIFICATION NUMBER
Classification number 613.7 WEB
100 1# - Rafti
Rafti 55
101 ## - Shkurtesa
Shkurtesa STA
245 10 - TITLE STATEMENT
Title Statistics and research in physical education
Statement of responsibility, etc [by] Jerome C. Weber [and] David R. Lamb.
504 ## - BIBLIOGRAPHY, ETC. NOTE
Bibliography, etc Bibliography: p. 184-187.
906 ## - LOCAL DATA ELEMENT F, LDF (RLIN)
a 7
b cbc
c orignew
d 4
e ncip
f 19
g y-gencatlg
942 ## - ADDED ENTRY ELEMENTS (KOHA)
Source of classification or shelving scheme
Item type Books
Holdings
Withdrawn status Lost status Source of classification or shelving scheme Damaged status Not for loan Collection code Permanent location Current location Shelving location Date acquired Total Checkouts Full call number Barcode Date last seen Price effective from Koha item type
          Koleksioni i përgjithshem UBT - Lipjan UBT - Lipjan Koleksioni i përgjithshem 01/25/2018   613.7 WEB 002-2996169 01/25/2018 01/25/2018 Books
UBT Library © 2015-2024. All rights reserved University Education for Business and Technology